[Event "Bundesliga 1991/92"]
[Site "masterchessopen.com - Germany"]
[Round "0"]
[White "Schirm Friedmar (GER)"]
[Black "Marschner Juergen (GER)"]
[Result "1-0"]
[WhiteElo "2310"]
[BlackElo "2290"]

1.Nf3 e6 2.g3 f5 3.Bg2 Nf6 4.O-O Be7 5.c4 O-O 6.d4 d6 7.Nc3 Qe8 8.b3 Qh5 9.e3
Nbd7 10.Nd2 Qg6 11.e4 fxe4 12.Ndxe4 Nxe4 13.Bxe4 Qf7 14.Qd3 Nf6 15.Bg2 c6
16.Ba3 Bd7 17.Ne4 Nxe4 18.Bxe4 Qh5 19.Rae1 Rae8 20.f4 Rf7 21.Bb4 Bf8 22.Bc3 g6
23.Bf3 Qf5 24.Qd1 Bg7 25.Re3 g5 26.Bg4 Qg6 27.Bh5 Qf6 28.d5 e5 29.Bxf7+ Qxf7
30.fxe5 Qg6 31.e6 {#r} 1-0

[Event "Ch Ireland (seniors)"]
[Site "masterchessopen.com - Ireland"]
[Round "8"]
[White "McElligott Gerry (IRL)"]
[Black "Keogh Eamon (IRL)"]
[Result "0-1"]
[WhiteElo "2145"]
[BlackElo "2002"]

1.Nf3 f5 2.g3 Nf6 3.Bg2 e6 4.O-O d6 5.d4 Be7 6.c4 O-O 7.Nc3 Qe8 8.b3 Qh5 9.Bb2
g5 10.e3 c6 11.Qe2 Ne4 12.Rae1 g4 13.Nd2 Nxd2 14.Qxd2 Rf6 15.Bh1 e5 16.f3 Nd7
17.Rf2 Rg6 18.Ref1 Nf6 19.Ne2 gxf3 20.Bxf3 Ng4 21.Bxg4 fxg4 22.dxe5 dxe5
23.Rf7 Qg5 24.Nd4 Be6 25.Qf2 exd4 26.Bxd4 Rd8 27.Rxe7 Qxe7 28.Bf6 Rxf6 29.Qxf6
Qxf6 30.Rxf6 {#R} 0-1

[Event "It (open)"]
[Site "masterchessopen.com - Mar del Plata (Argentina)"]
[Round "1"]
[White "Di Diego Osvaldo (ARG)"]
[Black "Langier Daniel (ARG)"]
[Result "0-1"]
[WhiteElo "1910"]
[BlackElo "2395"]

1.d4 f5 2.g3 Nf6 3.Bg2 e6 4.c4 Be7 5.Nf3 d6 6.O-O O-O 7.b3 Qe8 8.Nc3 a5 9.Qd3
Qg6 10.d5 e5 11.Nh4 Qh5 12.Qf3 e4 13.Qxh5 Nxh5 14.f4 exf3 15.Bxf3 Bxh4 16.Bxh5
Bf6 17.Bd2 Na6 18.Rab1 Bd7 19.a3 Nc5 20.b4 axb4 21.axb4 Ne4 22.Nxe4 fxe4 23.e3
Ra2 24.Rf2 g6 25.Bd1 Bg5 26.Rxf8+ Kxf8 27.Bc1 Bh3 28.Bb2 Bxe3+ 29.Kh1 Bf2
30.Bb3 Ra8 31.Rc1 e3 32.Bd4 Ra3 33.Bc2 Ra2 34.c5 Ke7 35.cxd6+ Kxd6 36.b5 b6
37.Bd1 e2 38.Bb3 Bxd4 39.Bxa2 Bc3 {#R} 0-1

[Event "It (open)"]
[Site "masterchessopen.com - Baden-Baden (Germany)"]
[Round "0"]
[White "Mandl Robert (GER)"]
[Black "Lerch Martin (GER)"]
[Result "1-0"]
[WhiteElo "2288"]
[BlackElo "2066"]

1.c4 e6 2.Nf3 f5 3.g3 Nf6 4.Bg2 Be7 5.O-O O-O 6.b3 d6 7.d4 Qe8 8.Nc3 a5 9.Re1
Qh5 10.e4 fxe4 11.Nxe4 Nxe4 12.Rxe4 e5 13.dxe5 Bg4 14.Rf4 Nc6 15.Qd5+ Kh8
16.exd6 Bxd6 17.Rxf8+ Rxf8 18.Qxh5 Bxh5 19.Ng5 Be5 20.Rb1 Bg6 21.Be4 Bd4
22.Bf4 h6 23.Bxg6 hxg5 24.Be3 Bxe3 25.fxe3 Ne5 26.Be4 b6 27.Re1 g6 28.h3 Kg7
29.Rd1 Rh8 30.Bg2 Kf6 31.Kf2 Ke6 32.Ke2 c6 33.Rd4 Rf8 34.a3 Ra8 35.h4 g4
36.Rf4 Rd8 37.Be4 a4 38.bxa4 Nxc4 39.Rxg4 Ne5 40.Rf4 c5 41.Rf1 Ke7 42.Rb1 Rd6
43.a5 bxa5 44.Rb5 Nc4 45.Rxc5 Nxa3 46.Bd3 {#r} 1-0

[Event "It (cat.4) (w)"]
[Site "masterchessopen.com - Budapest (Hungary)"]
[Round "9"]
[White "Minogina Tamara (RUS)"]
[Black "Heymann Ulrike (GER)"]
[Result "1-0"]
[WhiteElo "2244"]
[BlackElo "2148"]

1.d4 f5 2.c4 Nf6 3.Nf3 e6 4.g3 Be7 5.Bg2 O-O 6.O-O d6 7.b3 Qe8 8.Nc3 Qh5 9.Nd2
Nc6 10.e3 Qh6 11.Qe2 g5 12.d5 Ne5 13.f4 Nf7 14.dxe6 Bxe6 15.Bxb7 Rab8 16.Bg2
Nh5 17.Bb2 Bf6 18.Na4 gxf4 19.exf4 Rfe8 20.Qd3 Nh8 21.Rae1 Kf7 22.Bd5 Ng7
23.Nf3 Bxb2 24.Ng5+ Kf8 25.Nxb2 Qg6 26.Qd4 Nf7 27.Nxe6+ Nxe6 28.Qxa7 Rbc8
29.Nd3 c5 30.Re3 Rc7 31.Qa4 Rce7 32.Rfe1 h5 33.Bxe6 Rxe6 34.Qxe8+ Rxe8
35.Rxe8+ Kg7 36.R1e6 Qg4 37.Kg2 h4 38.Nf2 Qh5 39.Nh3 {#r} 1-0

[Event "It (open) \"]
[Site "masterchessopen.com - Buenos Aires (Argentina)"]
[Round "3"]
[White "Pizarro Pablo (ARG)"]
[Black "Langier Daniel (ARG)"]
[Result "1-0"]
[WhiteElo "2188"]
[BlackElo "2395"]

1.d4 f5 2.Nf3 Nf6 3.g3 e6 4.Bg2 Be7 5.O-O O-O 6.c4 d6 7.Nc3 Qe8 8.b3 a5 9.Ba3
Na6 10.e3 Nb4 11.Bb2 c6 12.a3 Na6 13.b4 Bd7 14.Qb3 b5 15.cxb5 cxb5 16.d5 a4
17.Qa2 Nc7 18.Nd4 exd5 19.Rac1 Rc8 20.Rc2 Qf7 21.Rfc1 Bd8 22.Bf1 Qe8 23.Ncxb5
Nxb5 24.Rxc8 Nxd4 25.Bxd4 Bxc8 26.Rxc8 Qd7 27.Rc1 Qb7 28.Qc2 Bb6 29.Bxb6 Qxb6
30.Qxa4 f4 31.Rc6 Qb7 32.exf4 Ra8 33.Ra6 Rc8 34.Ra7 Qb6 35.Qa6 {#r} 1-0

[Event "It (open) \"]
[Site "masterchessopen.com - Buenos Aires (Argentina)"]
[Round "7"]
[White "Quiroga Facundo (ARG)"]
[Black "Langier Daniel (ARG)"]
[Result "1-0"]
[WhiteElo "2265"]
[BlackElo "2395"]

1.d4 f5 2.c4 Nf6 3.g3 e6 4.Bg2 Be7 5.Nf3 O-O 6.O-O d6 7.Nc3 Qe8 8.b3 a5 9.Bb2
Qh5 10.e3 Na6 11.Qe2 c6 12.Rad1 Bd7 13.Nd2 Qh6 14.Na4 Bd8 15.c5 dxc5 16.dxc5
Be7 17.Rc1 Be8 18.Nf3 Ne4 19.Bd4 Bh5 20.Qb2 Bxf3 21.Bxf3 e5 22.Bxe5 Naxc5
23.Nxc5 Nxc5 24.Rcd1 Rfe8 25.h4 Bf8 26.Bf4 Qe6 27.Be2 Kh8 28.Bc4 Qc8 29.a4 Be7
30.Be5 Bf8 31.h5 h6 32.Bd6 Ne4 33.Bxf8 Rxf8 34.Rd4 Rd8 35.g4 c5 36.Rxd8+ Qxd8
37.Qe5 Nd2 38.Qxf5 Nxf1 39.Bd3 Kg8 40.Qh7+ Kf8 41.Bc4 Nd2 42.Qg8+ Ke7 43.Qe6+
{#r} 1-0

[Event "Ch France (team)"]
[Site "masterchessopen.com - France"]
[Round "7"]
[White "Roos Louis (FRA)"]
[Black "Goldgewicht Lionel (FRA)"]
[Result "1-0"]
[WhiteElo "2353"]
[BlackElo "2342"]

1.c4 e6 2.Nf3 f5 3.g3 Nf6 4.Bg2 Be7 5.Nc3 O-O 6.O-O d6 7.d4 Qe8 8.b3 Qh5 9.e3
c6 10.Ba3 Qe8 11.Re1 e5 12.c5 dxc5 13.Nxe5 Na6 14.Nd3 Be6 15.dxc5 Rd8 16.Qc2
g5 17.Rad1 Qh5 18.b4 Nc7 19.f3 Nd7 20.Ne2 Bd5 21.e4 fxe4 22.fxe4 Be6 23.Nd4
Bg4 24.Rd2 Bf6 25.e5 Bg7 26.Bb2 Ne6 27.Qc4 Rde8 28.b5 cxb5 29.Nxb5 a6 30.Nd6
Re7 31.Nxb7 Kh8 32.c6 Nb6 33.Qb3 Nc8 34.Nd6 Rc7 35.Bd5 Nd8 36.Nxc8 Rxc8 37.e6
Re8 38.Bxg7+ Kxg7 39.Qc3+ Kh6 40.e7 Nxc6 41.Bxc6 Bd7 42.Qf6+ {#r} 1-0

[Event "It (open)"]
[Site "masterchessopen.com - Hallstahammar (Sweden)"]
[Round "7"]
[White "Elfstroem Joergen (SWE)"]
[Black "Franzen Thomas (SWE)"]
[Result "0-1"]
[WhiteElo "2111"]
[BlackElo "2043"]

1.d4 f5 2.c4 Nf6 3.Nf3 e6 4.g3 Be7 5.Bg2 d6 6.O-O O-O 7.b3 Qe8 8.Nc3 a5 9.a3
Bd7 10.Qc2 Bc6 11.Bb2 Qh5 12.Ne1 Bxg2 13.Kxg2 Nc6 14.Nb5 Rac8 15.Nd3 g5 16.e3
Nd8 17.c5 Nf7 18.Qd1 Qg6 19.Qd2 dxc5 20.dxc5 Rfd8 21.Qe2 f4 22.Bxf6 Bxf6
23.Rad1 e5 24.exf4 gxf4 25.Kh1 Bg7 26.a4 Ng5 27.f3 fxg3 28.hxg3 e4 29.fxe4
Nxe4 30.Rf3 Nxg3+ 31.Rxg3 Qxg3 32.Rg1 Qh3+ 33.Qh2 Qxh2+ 34.Kxh2 Rxd3 {#R} 0-1

[Event "?"]
[Site "masterchessopen.com - Milan (Italy)"]
[Round "0"]
[White "Lanzani Mario (ITA)"]
[Black "Iudicello Marco (ITA)"]
[Result "1-0"]
[WhiteElo "2359"]
[BlackElo "2172"]

1.Nf3 e6 2.c4 f5 3.g3 Nf6 4.Bg2 Be7 5.O-O O-O 6.b3 d6 7.d4 Qe8 8.Nc3 c6 9.Re1
e5 10.e4 fxe4 11.dxe5 exf3 12.exf6 Rxf6 13.Ne4 Qf8 14.Bh1 Rf5 15.Ba3 c5 16.Re3
Nc6 17.Rxf3 Be6 18.Rxf5 Qxf5 19.Nxd6 Qe5 20.Ne4 Rd8 21.Qe1 Nd4 22.Nc3 Qf6
23.Rc1 Bh3 24.Qe3 Nc2 25.Bd5+ Rxd5 26.Nxd5 Nxe3 27.Nxf6+ Bxf6 28.fxe3 b6
29.Rd1 Kf7 30.Rd2 g6 31.Bb2 Bg5 32.Kf2 h5 33.a4 h4 34.Be5 Be6 35.Bb8 a6 36.Ba7
b5 37.cxb5 axb5 38.Bxc5 hxg3+ 39.hxg3 bxa4 40.bxa4 Bf6 41.Bb6 Be5 42.a5 Bc8
43.Rd8 {#r} 1-0

[Event "Ch Netherlands (open)"]
[Site "masterchessopen.com - Amsterdam (Netherlands)"]
[Round "5"]
[White "Obers Frits (NED)"]
[Black "Monte Peter (NED)"]
[Result "0-1"]
[WhiteElo "2105"]
[BlackElo "2064"]

1.d4 e6 2.c4 f5 3.g3 Nf6 4.Bg2 Be7 5.Nf3 O-O 6.O-O d6 7.Nc3 Qe8 8.b3 c6 9.Bb2
Nbd7 10.Re1 Ne4 11.Qc2 Qg6 12.e3 d5 13.Ne2 Qh6 14.Ne5 g5 15.f3 Nd6 16.e4 Nf6
17.Nc3 Qg7 18.Re2 f4 19.Rae1 fxg3 20.hxg3 Nh5 21.Kf2 g4 22.Rg1 Bf6 23.cxd5
exd5 24.exd5 Bf5 25.Qd1 Nxg3 26.Kxg3 gxf3+ 27.Kxf3 Bh4 {#R} 0-1

[Event "It (open)"]
[Site "masterchessopen.com - Avoine (France)"]
[Round "0"]
[White "Dumitrache Dragos-Nicolae (ROM)"]
[Black "Ilgart Jean-Christophe (FRA)"]
[Result "1-0"]
[WhiteElo "2475"]
[BlackElo "2238"]

1.d4 f5 2.g3 Nf6 3.Bg2 e6 4.Nf3 Be7 5.O-O O-O 6.c4 d6 7.Nc3 Qe8 8.b3 Nbd7
9.Qc2 c6 10.e4 Nxe4 11.Nxe4 fxe4 12.Qxe4 Nf6 13.Qe2 Qh5 14.Re1 Bd7 15.Bf4 Rae8
16.Rad1 Bc8 17.h3 h6 18.Qd3 Qf7 19.Re2 Nd7 20.Rde1 g5 21.Bc1 c5 22.Rxe6 Ne5
23.Nxe5 Qxf2+ 24.Kh2 Qf5 25.Qxf5 Rxf5 26.Bd5 Kg7 27.Ng6 Bxe6 28.Rxe6 Rf2+
29.Kg1 Rc2 30.Be3 Kf7 31.Rxe7+ {#r} 1-0

[Event "It (open)"]
[Site "masterchessopen.com - Cordoba (Spain)"]
[Round "7"]
[White "Prakken Gerrit (NED)"]
[Black "Vella Ramirez Alfonso (ESP)"]
[Result "1-0"]
[WhiteElo "2212"]
[BlackElo "2097"]

1.d4 e6 2.Nf3 f5 3.g3 Nf6 4.Bg2 Be7 5.O-O O-O 6.c4 d6 7.Nc3 Qe8 8.b3 a5 9.Bb2
Qh5 10.e3 g5 11.Ne1 Qg6 12.Nd3 c6 13.Qe2 Nh5 14.e4 f4 15.gxf4 Nxf4 16.Nxf4
gxf4 17.Kh1 e5 18.Rg1 Kh8 19.dxe5 dxe5 20.Bh3 Qf6 21.Qh5 Bxh3 22.Nd5 cxd5
23.Bxe5 Bd7 24.Bxf6+ Bxf6 25.e5 dxc4 26.exf6 Rxf6 27.Rae1 Nc6 28.Qg5 Rf7
29.bxc4 Raf8 30.Re4 Ne7 31.Qe5+ {#r} 1-0

[Event "Ch Bayern"]
[Site "masterchessopen.com - Lichtenfels (Germany)"]
[Round "4"]
[White "Sailer Wolfgang (GER)"]
[Black "Hiermann Dietmar (AUT)"]
[Result "1-0"]
[WhiteElo "2206"]
[BlackElo "2251"]

1.c4 f5 2.Nc3 Nf6 3.d4 e6 4.g3 Be7 5.Bg2 O-O 6.Nf3 d6 7.O-O Qe8 8.b3 a5 9.Bb2
Na6 10.Qc2 Qg6 11.a3 c6 12.e3 Bd7 13.Ne2 Rae8 14.Nf4 Qh6 15.h4 Ng4 16.Rfe1 Bd8
17.Rad1 Bc8 18.Nd3 Bc7 19.b4 Nb8 20.c5 d5 21.Nfe5 g5 22.Nxg4 fxg4 23.hxg5 Qxg5
24.e4 Nd7 25.Bc1 Qg7 26.e5 axb4 27.axb4 b6 28.Qa4 Nb8 29.Qa7 bxc5 30.bxc5 Rf7
31.Nf4 Bxe5 32.Qa4 Bc7 33.Nxd5 Ref8 34.Nf4 Bd7 35.Qc4 Bxf4 36.Bxf4 h5 37.Re5
Rxf4 38.gxf4 Rxf4 39.Qb3 Na6 40.Rxh5 Rxf2 41.Kxf2 Qf7+ 42.Kg3 Qxh5 43.Qb7 Nxc5
44.Qb8+ {#r} 1-0

[Event "Ch Czech Chess Union (open)"]
[Site "masterchessopen.com - Prague (Czech Republic)"]
[Round "9"]
[White "Cerny Martin (CZE)"]
[Black "Kolar Pavel (CZE)"]
[Result "1-0"]
[WhiteElo "2193"]
[BlackElo "2126"]

1.d4 f5 2.Nf3 Nf6 3.g3 e6 4.Bg2 Be7 5.O-O O-O 6.c4 d6 7.b3 Qe8 8.Nc3 Qg6 9.Qc2
c6 10.Bb2 Nbd7 11.d5 cxd5 12.cxd5 Nxd5 13.Nxd5 exd5 14.Rad1 Nb6 15.a4 Be6
16.Nd4 Rac8 17.Qb1 a5 18.Nxe6 Qxe6 19.b4 Kh8 20.bxa5 Nxa4 21.Bxd5 Qxe2
22.Bxg7+ Kxg7 23.Rde1 Qd2 24.Rxe7+ Kh8 25.Qxb7 Qh6 26.a6 Rb8 27.Qc6 Nc5 28.a7
Rbd8 29.Qb5 f4 30.Qb2+ {#r} 1-0

[Event "Ch Romania (team)"]
[Site "masterchessopen.com - Romania"]
[Round "0"]
[White "Atalik Suat (BIH)"]
[Black "Lupu Smaranda B (FRA)"]
[Result "0-1"]
[WhiteElo "2535"]
[BlackElo "2181"]

1.d4 e6 2.c4 f5 3.g3 Nf6 4.Bg2 Be7 5.Nf3 d6 6.O-O O-O 7.Nc3 Qe8 8.b3 a5 9.Bb2
Na6 10.a3 Rb8 11.Qc2 Qh5 12.e4 fxe4 13.Nxe4 Nxe4 14.Qxe4 b5 15.g4 Qg6 16.Qxg6
hxg6 17.Bc1 bxc4 18.bxc4 Rb3 19.Be3 c5 20.Rfb1 Rc3 21.Rc1 Rxc1+ 22.Rxc1 Bb7
23.Ne1 Bxg2 24.Nxg2 Rb8 25.dxc5 Nxc5 26.Nf4 Kf7 27.Rd1 Nd7 28.Bd2 Rc8 29.Bxa5
Rxc4 30.Nd3 Rxg4+ 31.Kf1 Nc5 32.Nxc5 dxc5 33.Rd7 Ke8 34.Ra7 Ra4 35.Bb6 Rxa7
36.Bxa7 Kd7 37.a4 Kc6 38.Bb8 Kb6 39.Be5 Ka5 40.Bxg7 Kxa4 41.Ke2 Kb3 42.Kd3 c4+
43.Ke4 Bd6 44.h4 c3 45.Bh6 c2 46.Bd2 Kb2 47.f4 Kb1 {#R} 0-1

[Event "Ch World (juniors) (under 18)"]
[Site "masterchessopen.com - Szeged (Hungary)"]
[Round "0"]
[White "Ovsejevitsch Sergei (UKR)"]
[Black "Muniz Rafael (URU)"]
[Result "1-0"]
[WhiteElo "2320"]
[BlackElo "2206"]

1.d4 e6 2.c4 f5 3.Nf3 Nf6 4.Nc3 Be7 5.g3 O-O 6.Bg2 d6 7.O-O Qe8 8.b3 a5 9.Ba3
Na6 10.e3 Qh5 11.Ne1 Qh6 12.Nd3 g5 13.e4 Kh8 14.e5 Ne8 15.d5 f4 16.Re1 exd5
17.Nxd5 Bd8 18.exd6 Nxd6 19.Bb2+ Kg8 20.Ne7+ Bxe7 21.Rxe7 Nf7 22.Ne5 c6 23.Nd7
{#r} 1-0

[Event "It (open)"]
[Site "masterchessopen.com - Cannes (France)"]
[Round "0"]
[White "Kjeldsen Jens (DEN)"]
[Black "Lupu Mircea-Sergiu (FRA)"]
[Result "0-1"]
[WhiteElo "2425"]
[BlackElo "2490"]

1.d4 e6 2.c4 f5 3.Nc3 Nf6 4.Nf3 Be7 5.g3 O-O 6.Bg2 d6 7.O-O Qe8 8.b3 a5 9.Re1
Qh5 10.Ba3 Na6 11.e3 Rb8 12.Rc1 Nb4 13.Bb2 g5 14.a3 g4 15.axb4 gxf3 16.Qxf3
Qxf3 17.Bxf3 axb4 18.Ne2 Ne4 19.Nf4 Nd2 20.Bd1 Ra8 21.Re2 Ne4 22.f3 Nf6 23.h3
c5 24.g4 fxg4 25.Rg2 cxd4 26.hxg4 dxe3 27.Ne2 e5 28.Ng3 Be6 29.Bc2 Nd7 30.Bf5
Nc5 31.Ne4 Bxf5 32.gxf5+ Kf7 33.f6 Bxf6 34.Nxd6+ Ke6 35.Nb5 Rf7 36.Rd1 Rd8
37.Re1 Rd3 38.Bc1 Bh4 39.Ree2 Rd1+ 40.Kh2 Rxc1 {#R} 0-1

[Event "It (open)"]
[Site "masterchessopen.com - Ceske Budejovice (Czech Republic)"]
[Round "3"]
[White "Lechtynsky Jiri (CZE)"]
[Black "Zvara Petr (CZE)"]
[Result "1-0"]
[WhiteElo "2435"]
[BlackElo "2295"]

1.Nf3 f5 2.g3 Nf6 3.c4 e6 4.Bg2 Be7 5.O-O O-O 6.b3 d6 7.d4 Qe8 8.Nc3 a5 9.Bb2
Na6 10.e3 c6 11.Qe2 Bd7 12.e4 Nxe4 13.Nxe4 fxe4 14.Qxe4 Qh5 15.Ne1 e5 16.dxe5
Bf5 17.Qe3 dxe5 18.Bxe5 Rad8 19.Bxg7 Rf7 20.Bc3 Bg5 21.f4 Re7 22.Qb6 {#r} 1-0

[Event "Czech League 1994/95 (2nd) (c)"]
[Site "masterchessopen.com - Czech Republic"]
[Round "6"]
[White "Sedlacek Oldrich (CZE)"]
[Black "Vavruska Antonin (CZE)"]
[Result "1-0"]
[WhiteElo "2259"]
[BlackElo "2137"]

1.Nf3 e6 2.g3 f5 3.Bg2 Nf6 4.c4 d6 5.d4 Be7 6.Nc3 O-O 7.O-O Qe8 8.b3 Qh5 9.e3
Nbd7 10.Nd2 Qh6 11.e4 f4 12.gxf4 Qxf4 13.Nf3 Qg4 14.Ng5 Qh4 15.f4 e5 16.Nf3
Qh5 17.f5 exd4 18.Nxd4 Qxd1 19.Rxd1 Ne5 20.h3 Bd7 21.Bf4 a6 22.Rac1 Rae8
23.Nf3 Nc6 24.Re1 b6 25.Rcd1 Bd8 26.Kf2 Bc8 27.Nh2 Ne5 28.Nf3 Nc6 29.Nh2 Nh5
30.Nd5 Ne5 31.Nf3 Rf7 32.Nxe5 dxe5 33.Bf3 Nf6 34.Nxf6+ gxf6 35.Bg3 Rg7 36.Bh5
Rf8 37.Bh2 Be7 {#r} 1-0

[Event "Bundesliga 1994/95 (w)"]
[Site "masterchessopen.com - Germany"]
[Round "0"]
[White "Bakalarz Grazyna (LUX)"]
[Black "Just Gabriele Dr (GER)"]
[Result "1-0"]
[WhiteElo "2008"]
[BlackElo "1925"]

1.d4 e6 2.Nf3 f5 3.g3 Nf6 4.Bg2 Be7 5.O-O d6 6.c4 O-O 7.b3 Qe8 8.Nc3 a5 9.Bb2
Nbd7 10.Ne1 c6 11.Nd3 e5 12.e3 Kh8 13.Qe2 Qg6 14.Na4 Qh6 15.dxe5 dxe5 16.Rad1
Re8 17.a3 Bf8 18.Rfe1 Rb8 19.Nc3 e4 20.Nf4 Ne5 21.Na4 b5 22.Bxe5 Rxe5 23.Qb2
Re8 24.cxb5 cxb5 25.Nc3 b4 26.axb4 Bxb4 27.Rd4 Ba6 28.Red1 Ng4 29.h3 Ne5
30.Ncd5 Bc5 31.Nc7 Bxd4 32.Qxd4 Nf3+ 33.Bxf3 exf3 34.Nxe8 Rxe8 35.Qd7 Rg8
36.Rd6 Bc8 37.Rxh6 gxh6 38.Qd4+ Rg7 39.Qd8+ Rg8 40.Qf6+ Rg7 41.Nh5 {#r} 1-0

[Event "Ch Moscow (open)"]
[Site "masterchessopen.com - Moscow (Russia)"]
[Round "9"]
[White "Ilinsky Vladimir (KGZ)"]
[Black "Lysova Olga (RUS)"]
[Result "1-0"]
[WhiteElo "2320"]
[BlackElo "2220"]

1.Nf3 e6 2.g3 f5 3.Bg2 Nf6 4.O-O Be7 5.c4 O-O 6.Nc3 d6 7.d4 Qe8 8.b3 a5 9.Bb2
Na6 10.e3 c6 11.Qe2 Bd7 12.e4 fxe4 13.Nxe4 Nxe4 14.Qxe4 Qh5 15.Ne1 Rae8 16.Nd3
e5 17.dxe5 Bf5 18.Qd4 Bxd3 19.Qxd3 dxe5 20.Rae1 Bf6 21.Qe2 Qf7 22.Bc3 Qc7
23.c5 Kh8 24.Qc4 g6 25.f4 Kg7 26.fxe5 Bxe5 27.Rxe5 Rxf1+ 28.Bxf1 Rxe5 29.Qf4
{#r} 1-0

[Event "Ch Moscow (open)"]
[Site "masterchessopen.com - Moscow (Russia)"]
[Round "1"]
[White "Korotylev Alexey (RUS)"]
[Black "Zhurina Elizaveta (RUS)"]
[Result "1-0"]
[WhiteElo "2450"]
[BlackElo "2240"]

1.d4 f5 2.Nf3 Nf6 3.g3 e6 4.Bg2 Be7 5.O-O O-O 6.c4 d6 7.Nc3 Qe8 8.b3 a5 9.Bb2
Na6 10.Re1 Qh5 11.e3 c6 12.Ne2 Ne4 13.Nd2 d5 14.f3 Ng5 15.Nf4 Qh6 16.e4 fxe4
17.fxe4 e5 18.Nd3 dxc4 19.Nxe5 cxb3 20.Qxb3+ Be6 21.d5 Bc5+ 22.Kh1 a4 23.Qc3
Nh3 24.Nd3 Nf2+ 25.Nxf2 Rxf2 26.dxe6 Bb4 27.Qe5 Bxd2 28.Rf1 Rxf1+ 29.Rxf1 {#r}
1-0

[Event "Ch Moscow (open)"]
[Site "masterchessopen.com - Moscow (Russia)"]
[Round "2"]
[White "Zhurina Elizaveta (RUS)"]
[Black "Lysova Olga (RUS)"]
[Result "1-0"]
[WhiteElo "2240"]
[BlackElo "2220"]

1.d4 e6 2.Nf3 f5 3.g3 Nf6 4.Bg2 Be7 5.O-O O-O 6.c4 d6 7.Nc3 Qe8 8.b3 a5 9.Bb2
Na6 10.Re1 c6 11.e4 fxe4 12.Nxe4 Qh5 13.Nfd2 Qg6 14.Nxf6+ Qxf6 15.Ne4 Qf5
16.f4 Bd7 17.Nf2 Rae8 18.Qd2 Bd8 19.a3 Bc7 20.Bc3 Qh5 21.b4 axb4 22.axb4 Rf7
23.Re3 Rfe7 24.Rae1 Kf8 25.Qc2 d5 26.c5 Bb8 27.Bf3 Qf5 28.Qd2 Nc7 29.Be2 Nb5
30.Bd3 Qf7 31.Bb2 h5 32.Qc2 Qf6 33.Bg6 Rd8 34.Bxh5 Kg8 35.Ng4 Qf8 36.Ne5 Bxe5
37.Rxe5 Qf6 38.Qe2 Nc7 39.f5 Be8 {#r} 1-0

[Event "It (open)"]
[Site "masterchessopen.com - Osterskars (Sweden)"]
[Round "1"]
[White "Gabriel Christian (GER)"]
[Black "Berg Emanuel (SWE)"]
[Result "1-0"]
[WhiteElo "2475"]
[BlackElo "2575"]

1.d4 e6 2.c4 f5 3.Nf3 Nf6 4.g3 Be7 5.Bg2 O-O 6.O-O d6 7.Nc3 Qe8 8.b3 a5 9.e3
c6 10.Qe2 Na6 11.e4 fxe4 12.Nxe4 Nxe4 13.Qxe4 Qh5 14.Bf4 e5 15.dxe5 Bf5 16.Qe3
dxe5 17.Bxe5 Bc5 18.Bd4 Rae8 19.Ne5 Bxd4 20.Qxd4 Nb4 21.Qc3 Qe2 22.f4 Nxa2
23.Qe1 Qb2 24.Qxa5 Nc3 25.Rf2 Qxb3 26.Qa3 Qxa3 27.Rxa3 Ne4 28.Rb2 Nd6 29.Bf1
Re7 30.Ra7 c5 31.Rb6 Rd8 32.Rxd6 Rb8 33.Rb6 Be4 34.Bg2 Bxg2 35.Kxg2 g5 36.Kf3
gxf4 37.gxf4 Rf8 38.Rbxb7 {#r} 1-0

[Event "It (open)"]
[Site "masterchessopen.com - St. Veit (Austria)"]
[Round "6"]
[White "Muhtarov Leonid (UKR)"]
[Black "Fahrner Kurt (AUT)"]
[Result "1-0"]
[WhiteElo "2144"]
[BlackElo "2335"]

1.c4 f5 2.Nf3 Nf6 3.g3 d6 4.d4 e6 5.Bg2 Be7 6.Nc3 O-O 7.O-O Qe8 8.b3 a5 9.Bb2
Bd7 10.Rc1 Nc6 11.d5 Nd8 12.dxe6 Nxe6 13.Nd4 Nc5 14.Qc2 Qh5 15.e3 Ng4 16.h3
Ne5 17.Nd5 Bd8 18.Nf4 Qh6 19.h4 c6 20.a3 Bc7 21.b4 axb4 22.axb4 Na4 23.Ba1 Kh8
24.Rfd1 Nb6 25.c5 Nbc4 26.cxd6 Bxd6 27.Nf3 Rad8 28.Nxe5 Nxe5 29.Qc3 Bb8 30.Qc5
Rfe8 31.Qb6 Bd6 32.Qxb7 Re7 33.Bxe5 Rxe5 34.Bxc6 Bc8 35.Qb6 Qf6 36.Ba4 g6
37.Rxd6 Rxd6 38.Rxc8+ Kg7 39.Rc6 Rxc6 40.Qxc6 {#r} 1-0

[Event "Tournament \"]
[Site "masterchessopen.com - Tula (Russia)"]
[Round "5"]
[White "Newerovski Gennadi (RUS)"]
[Black "Gavritenkov Sergei (RUS)"]
[Result "1-0"]
[WhiteElo "2380"]
[BlackElo "2412"]

1.Nf3 f5 2.d4 Nf6 3.c4 e6 4.g3 Be7 5.Bg2 O-O 6.O-O d6 7.Nc3 Qe8 8.b3 Qh5 9.Ba3
Nc6 10.d5 Nd8 11.Rc1 a6 12.e3 g5 13.dxe6 Nxe6 14.Nd5 Bd8 15.Nd4 Qxd1 16.Rfxd1
Nxd4 17.Rxd4 Rb8 18.c5 dxc5 19.Bxc5 Re8 20.Ba7 Ra8 21.Rxc7 Rxa7 22.Rxc8 Rf8
23.Rxd8 {#r} 1-0

[Event "Ch Belgium (team) 1996/97"]
[Site "masterchessopen.com - Belgium"]
[Round "5"]
[White "Thiteca Thierry (BEL)"]
[Black "Van Hul Chris (BEL)"]
[Result "0-1"]
[WhiteElo "2099"]
[BlackElo "2260"]

1.d4 f5 2.g3 Nf6 3.Bg2 e6 4.c4 Be7 5.Nf3 O-O 6.O-O d6 7.Nc3 Qe8 8.b3 Nc6 9.Bb2
Bd7 10.a3 Qh5 11.e3 Rae8 12.Ne2 g5 13.d5 Nd8 14.dxe6 Nxe6 15.Ned4 Nc5 16.Nb5
Bxb5 17.cxb5 Ne6 18.Rc1 Bd8 19.b4 h6 20.Qb3 Kh7 21.Qd3 Qg6 22.Nd2 b6 23.Bc6
Re7 24.e4 f4 25.f3 fxg3 26.hxg3 Nh5 27.Qc3 Nxg3 28.Rf2 Nf4 29.e5 Nge2+ 30.Rxe2
Nxe2+ 31.Kf2 Nxc3 32.Rxc3 Rxe5 33.Re3 Rxe3 34.Kxe3 Bf6 {#R} 0-1

[Event "It (open)"]
[Site "masterchessopen.com - Ermoupoli (Greece)"]
[Round "7"]
[White "Kalesis Nikolaos (GRE)"]
[Black "Petraki Maria (GRE)"]
[Result "1-0"]
[WhiteElo "2390"]
[BlackElo "2034"]

1.d4 f5 2.g3 e6 3.Bg2 Nf6 4.Nf3 Be7 5.c4 O-O 6.O-O d6 7.b3 Qe8 8.Nc3 Qh5 9.Ba3
a5 10.Rc1 Na6 11.d5 Nb4 12.dxe6 Bxe6 13.Nd4 Bd7 14.e3 Qh6 15.Nd5 Bd8 16.Nxf6+
Bxf6 17.Bxb7 Rae8 18.Bxb4 axb4 19.Bc6 Bxd4 20.Bxd7 Bc5 21.Bxe8 Rxe8 22.Qd5+
Qe6 23.Rfd1 Qxd5 24.cxd5 Ra8 25.Rd2 Kf7 26.Kg2 Kf6 27.Rc4 g5 28.h4 h6 29.hxg5+
hxg5 30.g4 fxg4 31.Rxg4 Kf5 32.Rc4 Ke5 33.Kg3 Kf5 34.Re2 Rf8 35.f4 Kg6 36.Kg4
gxf4 37.exf4 Kf6 38.Re6+ Kf7 39.Rce4 Ra8 40.Kf5 {#r} 1-0

[Event "It (open) (juniors) (under 20)"]
[Site "masterchessopen.com - Hengelo (Netherlands)"]
[Round "5"]
[White "Van Vossen Robert (NED)"]
[Black "Buzing Pieter C (NED)"]
[Result "1-0"]
[WhiteElo "2009"]
[BlackElo "2109"]

1.d4 e6 2.c4 f5 3.g3 Nf6 4.Bg2 Be7 5.Nf3 O-O 6.O-O d6 7.b3 Qe8 8.Nc3 Nc6 9.d5
Nd8 10.Nb5 Qd7 11.dxe6 Nxe6 12.Nfd4 Nc5 13.Nc3 Qe8 14.Qc2 Qg6 15.Bb2 Nce4
16.Ndb5 c6 17.Nxe4 fxe4 18.Nc3 Bf5 19.e3 d5 20.cxd5 cxd5 21.Ne2 Qh6 22.Bxf6
Qxf6 23.Qd2 Qe5 24.Rac1 Ba3 25.Rc2 a5 26.Rd1 Rfd8 27.Qd4 Qd6 28.Nc3 Bc5
29.Qxd5+ Qxd5 30.Rxd5 Rxd5 31.Nxd5 b6 32.Rxc5 bxc5 33.Ne7+ Kf8 34.Nxf5 Rd8
35.Bxe4 g6 36.Nh4 Rd2 37.a4 {#r} 1-0

[Event "It (open)"]
[Site "masterchessopen.com - Mondariz (Spain)"]
[Round "0"]
[White "Garcia Ilundain David (ESP)"]
[Black "Vella Ramirez Alfonso (ESP)"]
[Result "1-0"]
[WhiteElo "2520"]
[BlackElo "2097"]

1.d4 e6 2.c4 f5 3.g3 Nf6 4.Bg2 Be7 5.Nf3 O-O 6.O-O d6 7.Nc3 Qe8 8.b3 a5 9.Ba3
Na6 10.Rc1 c6 11.Na4 b5 12.Nb6 Rb8 13.Nxc8 Rxc8 14.cxb5 cxb5 15.Rxc8 Qxc8
16.Qd3 Qd7 17.Rc1 Nd5 18.Bb2 Nab4 19.Qb1 Rc8 20.a3 Na6 21.Rxc8+ Qxc8 22.e4
fxe4 23.Qxe4 Nac7 24.h4 Qe8 25.Bf1 Qg6 26.Qxg6 hxg6 27.Bd3 Kf7 28.Kf1 Bf6
29.Ke2 Ne7 30.Be4 Ke8 31.g4 Ned5 32.Bxg6+ Ke7 33.Kd2 Kd7 34.Be4 Be7 35.g5 Bf8
36.Kc2 Nf4 37.Bc1 Nfd5 38.Bd2 b4 39.Bxd5 Nxd5 40.axb4 axb4 41.Kd3 e5 42.dxe5
Ke6 43.Nd4+ Kxe5 44.f4+ Nxf4+ 45.Bxf4+ Kxf4 46.Ne6+ Kg4 47.Nxf8 Kxh4 48.Ne6
{#r} 1-0